[Event "17th Aeroflot Open-A 2019"]
[Site "Moscow"]
[Date "2019.02.27"]
[Round "9.9"]
[White "Lupulescu, Constantin"]
[Black "Sjugirov, Sanan"]
[Result "1/2-1/2"]
[WhiteElo "2610"]
[BlackElo "2663"]
[Annotator "ChessBase"]
[PlyCount "153"]
[EventDate "2019.02.19"]
[EventCountry "RUS"]
[SourceTitle "playchess.com"]
[Source "ChessBase"]
[SourceQuality "1"]
[TimeControl "40/5400+30:1800+30"]

1. d4 {[%emt 0:00:00]} Nf6 {[%emt 0:05:48]} 2. c4 {[%emt 0:00:00]} g6 {[%emt 0:00:24]} 3. Nc3 {[%emt 0:00:00]} d5 {[%emt 0:00:08]} 4. cxd5 {[%emt 0:00:04]} Nxd5 {[%emt 0:00:06]} 5. e4 {[%emt 0:00:09]} Nxc3 {[%emt 0:00:17]} 6. bxc3 {[%emt 0:00:05]} Bg7 {[%emt 0:00:10]} 7. Nf3 {[%emt 0:00:17]} c5 {[%emt 0:01:02]} 8. Be3 {[%emt 0:00:06]} Qa5 {[%emt 0:00:53]} 9. Nd2 {[%emt 0:00:18]} O-O {[%emt 0:06:15]} 10. Be2 {[%emt 0:01:43]} b6 {[%emt 0:01:08]} 11. O-O {[%emt 0:01:10]} Ba6 {[%emt 0:00:07]} 12. Rc1 {[%emt 0:01:39]} Qxa2 {[%emt 0:18:09]} 13. Ra1 {[%emt 0:01:02]} Bxe2 {[%emt 0:00:28]} 14. Qxe2 {[%emt 0:00:05]} Qe6 {[%emt 0:00:06]} 15. d5 {[%emt 0:00:13]} Qc8 {[%emt 0:02:19]} 16. Ra3 {[%emt 0:00:23]} e6 {[%emt 0:12:02]} 17. Nc4 {[%emt 0:11:18]} Nd7 {[%emt 0:01:49]} 18. dxe6 {[%emt 0:01:19]} fxe6 {[%emt 0:00:17]} 19. f4 {[%emt 0:06:51]} Nf6 {[%emt 0:04:13]} 20. e5 {[%emt 0:09:22]} Nd5 {[%emt 0:00:32]} 21. Nd6 {[%emt 0:00:30]} Qc6 {[%emt 0:11:21]} 22. c4 {[%emt 0:00:55]} Ne7 {[%emt 0:00:46]} 23. Rd1 {[%emt 0:09:23]} a6 {[%emt 0:02:53]} 24. h4 {[%emt 0:07:27]} b5 {[%emt 0:02:02]} 25. h5 {[%emt 0:01:06]} gxh5 {[%emt 0:05:15]} 26. Qxh5 {[%emt 0:08:38]} Nf5 {[%emt 0:00:14]} 27. Bc1 {[%emt 0:15:04]} Nxd6 {[%emt 0:00:34]} 28. exd6 {[%emt 0:00:28]} Kh8 {[%emt 0:06:12]} 29. d7 {[%emt 0:08:26]} Rad8 {[%emt 0:01:49]} 30. cxb5 {[%emt 0:02:12]} axb5 {[%emt 0:01:19]} 31. Rh3 {[%emt 0:00:36]} Qe4 {[%emt 0:00:17]} 32. Qxc5 {[%emt 0:00:34]} e5 {[%emt 0:04:37]} 33. Re3 {[%emt 0:06:42]} Qb7 {[%emt 0:04:07]} 34. Qd5 {[%emt 0:02:13]} Qxd5 {[%emt 0:06:53]} 35. Rxd5 {[%emt 0:00:04]} exf4 {[%emt 0:00:13]} 36. Re4 {[%emt 0:02:10]} Bf6 {[%emt 0:00:52]} 37. Bxf4 {[%emt 0:02:44]} Rf7 {[%emt 0:01:47]} 38. Bh6 {[%emt 0:00:49]} Re7 {[%emt 0:00:36]} 39. Rxe7 {[%emt 0:01:38]} Bxe7 {[%emt 0:00:00]} 40. Be3 {[%emt 0:00:00]} Rb8 {[%emt 0:00:00]} 41. Re5 {[%emt 0:07:16]} Bd8 {[%emt 0:02:09]} 42. Re8+ {[%emt 0:02:32]} Kg7 {[%emt 0:00:04]} 43. Bg5 {[%emt 0:00:15]} Bb6+ {[%emt 0:01:33]} 44. Kh2 {[%emt 0:01:01]} Rb7 {[%emt 0:01:00]} 45. d8=Q {[%emt 0:00:30]} Bxd8 {[%emt 0:00:07]} 46. Rxd8 {[%emt 0:00:06]} b4 {[%emt 0:01:00]} 47. Bc1 {[%emt 0:00:50]} Kg6 {[%emt 0:04:04]} 48. Rd5 {[%emt 0:03:25]} b3 {[%emt 0:00:28]} 49. Bb2 {[%emt 0:00:07]} Rb6 {[%emt 0:00:40]} 50. Kh3 {[%emt 0:02:40]} h5 {[%emt 0:02:44]} 51. Kg3 {[%emt 0:05:12]} Kh6 {[%emt 0:00:20]} 52. Kf4 {[%emt 0:02:17]} Kg6 {[%emt 0:00:35]} 53. Rg5+ {[%emt 0:00:37]} Kh6 {[%emt 0:00:05]} 54. Rg8 {[%emt 0:03:02]} Kh7 {[%emt 0:02:17]} 55. Rh8+ {[%emt 0:00:50]} Kg6 {[%emt 0:00:04]} 56. Rg8+ {[%emt 0:01:26]} Kh7 {[%emt 0:00:02]} 57. Rg3 {[%emt 0:00:36]} Kh6 {[%emt 0:01:30]} 58. Re3 {[%emt 0:01:29]} Kg6 {[%emt 0:00:39]} 59. Re4 {[%emt 0:00:48]} Rc6 {[%emt 0:01:23]} 60. g3 {[%emt 0:01:06]} Rc2 {[%emt 0:01:49]} 61. Bd4 {[%emt 0:01:00]} Rc4 {[%emt 0:03:21]} 62. Ke5 {[%emt 0:00:54]} Rb4 {[%emt 0:01:28]} 63. Re2 {[%emt 0:01:53]} Kg5 {[%emt 0:00:14]} 64. Rb2 {[%emt 0:00:58]} Kg4 {[%emt 0:01:06]} 65. Bf2 {[%emt 0:00:15]} Kf3 {[%emt 0:00:52]} 66. Kd5 {[%emt 0:00:48]} Rb7 {[%emt 0:02:01]} 67. Kc4 {[%emt 0:00:40]} Rc7+ {[%emt 0:00:42]} 68. Bc5 {[%emt 0:00:14]} Kxg3 {[%emt 0:00:22]} 69. Rxb3+ {[%emt 0:00:07]} Kg2 {[%emt 0:00:21]} 70. Kd5 {[%emt 0:00:31]} Rxc5+ {[%emt 0:01:06]} 71. Kxc5 {[%emt 0:00:05]} h4 {[%emt 0:00:03]} 72. Kd4 {[%emt 0:00:35]} h3 {[%emt 0:00:05]} 73. Rb2+ {[%emt 0:00:14]} Kg3 {[%emt 0:00:22]} 74. Ke3 {[%emt 0:00:18]} h2 {[%emt 0:00:14]} 75. Rb1 {[%emt 0:00:37]} Kg2 {[%emt 0:00:05]} 76. Rh1 {[%emt 0:00:15]} Kxh1 {[%emt 0:00:14]} 77. Kf2 1/2-1/2

[Event "17th Aeroflot Open-A 2019"]
[Site "Moscow"]
[Date "2019.02.27"]
[Round "9.10"]
[White "Anton Guijarro, David"]
[Black "Petrosyan, Manuel"]
[Result "1-0"]
[WhiteElo "2642"]
[BlackElo "2564"]
[Annotator "ChessBase"]
[PlyCount "85"]
[EventDate "2019.02.19"]
[EventCountry "RUS"]
[SourceTitle "playchess.com"]
[Source "ChessBase"]
[SourceQuality "1"]
[TimeControl "40/5400+30:1800+30"]

1. c4 {[%emt 0:00:00]} e5 {[%emt 0:06:13]} 2. Nc3 {[%emt 0:00:08]} Nf6 {[%emt 0:00:31]} 3. Nf3 {[%emt 0:00:21]} Nc6 {[%emt 0:00:06]} 4. e4 {[%emt 0:00:13]} Bd6 {[%emt 0:01:22]} 5. a3 {[%emt 0:00:57]} O-O {[%emt 0:00:32]} 6. d3 {[%emt 0:01:35]} a5 {[%emt 0:03:20]} 7. Be2 {[%emt 0:08:17]} Re8 {[%emt 0:02:28]} 8. Be3 {[%emt 0:06:18]} h6 {[%emt 0:10:55]} 9. O-O {[%emt 0:02:56]} Ng4 {[%emt 0:02:34]} 10. h3 {[%emt 0:06:03]} Nxe3 {[%emt 0:02:06]} 11. fxe3 {[%emt 0:00:06]} Bc5 {[%emt 0:08:09]} 12. d4 {[%emt 0:16:02]} Ba7 {[%emt 0:06:55]} 13. Nb5 {[%emt 0:02:47]} d6 {[%emt 0:02:49]} 14. Bd3 {[%emt 0:07:29]} Bb8 {[%emt 0:10:27]} 15. Qb3 {[%emt 0:08:02]} a4 {[%emt 0:05:11]} 16. Qc2 {[%emt 0:00:48]} Ne7 {[%emt 0:03:37]} 17. Nc3 {[%emt 0:06:10]} Bd7 {[%emt 0:03:22]} 18. Rad1 {[%emt 0:00:08]} Ng6 {[%emt 0:01:25]} 19. Kh1 {[%emt 0:03:44]} Rf8 {[%emt 0:02:54]} 20. Qf2 {[%emt 0:04:33]} Ra5 {[%emt 0:00:20]} 21. Bc2 Ba7 22. c5 {[%emt 0:08:05]} dxc5 {[%emt 0:08:38]} 23. dxe5 {[%emt 0:00:10]} Qc8 {[%emt 0:02:56]} 24. Nd5 {[%emt 0:01:22]} Bb5 {[%emt 0:01:40]} 25. Rfe1 {[%emt 0:02:55]} Re8 {[%emt 0:00:42]} 26. e6 {[%emt 0:01:31]} fxe6 {[%emt 0:01:53]} 27. Nc3 {[%emt 0:00:30]} Rf8 {[%emt 0:00:09]} 28. Nxb5 {[%emt 0:02:33]} Rxb5 {[%emt 0:00:04]} 29. Bxa4 {[%emt 0:00:07]} Rb6 {[%emt 0:01:40]} 30. Qg3 {[%emt 0:01:19]} Kh7 {[%emt 0:01:40]} 31. e5 {[%emt 0:02:07]} Rxb2 {[%emt 0:00:36]} 32. Bd7 {[%emt 0:01:14]} Qd8 {[%emt 0:00:11]} 33. Bxe6 {[%emt 0:01:21]} Qe8 {[%emt 0:01:05]} 34. Bc4 {[%emt 0:01:19]} Rb6 {[%emt 0:03:06]} 35. Rb1 {[%emt 0:03:12]} Kh8 {[%emt 0:01:08]} 36. Rxb6 {[%emt 0:00:53]} Bxb6 {[%emt 0:00:05]} 37. e6 {[%emt 0:00:54]} Rf6 {[%emt 0:00:09]} 38. Ne5 {[%emt 0:00:56]} Nf8 {[%emt 0:01:49]} 39. Nf7+ {[%emt 0:00:56]} Kh7 {[%emt 0:00:10]} 40. Qh4 {[%emt 0:00:00]} Qe7 {[%emt 0:00:00]} 41. Qe4+ {[%emt 0:06:18]} Kg8 {[%emt 0:13:08]} 42. Rd1 {[%emt 0:04:00]} Rf2 {[%emt 0:07:47]} 43. Rd7 {[%emt 0:06:34]} 1-0

[Event "17th Aeroflot Open-A 2019"]
[Site "Moscow"]
[Date "2019.02.27"]
[Round "9.11"]
[White "Deac, Bogdan-Daniel"]
[Black "Paravyan, David"]
[Result "1/2-1/2"]
[WhiteElo "2603"]
[BlackElo "2627"]
[Annotator "TA"]
[PlyCount "42"]
[EventDate "2019.02.19"]
[EventCountry "RUS"]
[SourceTitle "playchess.com"]
[Source "ChessBase"]
[SourceQuality "1"]

{[%evp 12,42,21,19,31,25,35,26,27,29,24,22,37,30,37,25,37,22,41,18,20,20,25,14,26,25,20,15,12,13,27,8,0]} 1. e4 e5 2. Nf3 Nc6 3. Bb5 Nf6 4. O-O Nxe4 5. Re1 Nd6 6. Nxe5 Be7 7. Bf1 Nf5 {C67: Ruy Lopez: Berlin Defence: 4 0-0 Nxe4} (7... Nxe5 8. Rxe5 O-O 9. d4 Bf6 10. Re1 Re8 11. Rxe8+ Nxe8 12. c3 d5 13. Bf4 Nd6 14. Nd2 c6 15. Qf3 Be6 16. Re1 Qd7 17. h3 Re8 18. Bd3 {1-0 (26) Saric,I (2690)-Caruana,F (2828) chess.com INT 2019}) 8. Nf3 O-O 9. d4 d5 {White has an edge.} 10. c3 Bd6 11. b3 a6 $146 ({Predecessor:} 11... Nh4 12. Nxh4 Qxh4 13. g3 Qd8 14. Bg2 Ne7 15. c4 {½-½ (31) Deac,B (2603)-Adams,M (2701) Caleta 2019}) 12. Na3 Nh4 {next ...Bg4 is good for Black.} 13. Nxh4 Qxh4 {[%csl Gd6][%cal Rh4h2] [#]} 14. g3 Qg4 15. Qxg4 Bxg4 16. Nc2 Bf3 17. Ne3 Rae8 18. Bd2 Ne7 19. Bd3 c5 20. Nc2 Nc6 21. Be3 cxd4 {Accuracy: White = 76%, Black = 49%.} 1/2-1/2

[Event "17th Aeroflot Open-A 2019"]
[Site "Moscow"]
[Date "2019.02.27"]
[Round "9.12"]
[White "Ganguly, Surya Shekhar"]
[Black "Hakobyan, Aram"]
[Result "1/2-1/2"]
[WhiteElo "2636"]
[BlackElo "2545"]
[Annotator "ChessBase"]
[PlyCount "85"]
[EventDate "2019.02.19"]
[EventCountry "RUS"]
[SourceTitle "playchess.com"]
[Source "ChessBase"]
[SourceQuality "1"]
[TimeControl "40/5400+30:1800+30"]

1. e4 {[%emt 0:00:02]} d5 {[%emt 0:02:26]} 2. exd5 {[%emt 0:00:09]} Qxd5 {[%emt 0:00:06]} 3. Nc3 {[%emt 0:00:06]} Qd8 {[%emt 0:00:06]} 4. d4 {[%emt 0:01:45]} Nf6 {[%emt 0:00:09]} 5. Nf3 {[%emt 0:00:28]} g6 {[%emt 0:00:18]} 6. Bc4 {[%emt 0:00:34]} Bg7 {[%emt 0:00:09]} 7. O-O {[%emt 0:00:14]} O-O {[%emt 0:00:05]} 8. h3 {[%emt 0:00:22]} a6 {[%emt 0:00:04]} 9. a4 {[%emt 0:00:26]} Nc6 {[%emt 0:00:05]} 10. Re1 {[%emt 0:05:07]} e6 {[%emt 0:00:39]} 11. Bf4 {[%emt 0:13:12]} b6 {[%emt 0:04:31]} 12. Qe2 {[%emt 0:18:47]} Bb7 {[%emt 0:08:25]} 13. Rad1 {[%emt 0:02:53]} Ne7 {[%emt 0:02:42]} 14. Ne5 {[%emt 0:05:13]} Nfd5 {[%emt 0:04:09]} 15. Nxd5 {[%emt 0:00:25]} Nxd5 {[%emt 0:00:55]} 16. Bg3 {[%emt 0:00:26]} Qe7 {[%emt 0:09:35]} 17. c3 {[%emt 0:01:07]} Rfd8 {[%emt 0:05:28]} 18. Bb3 {[%emt 0:07:15]} Rac8 19. Bc4 Ra8 {[%emt 0:11:17]} 20. h4 {[%emt 0:05:44]} h5 {[%emt 0:10:27]} 21. Bd3 {[%emt 0:13:01]} Bf6 {[%emt 0:07:03]} 22. Be4 {[%emt 0:01:20]} c6 {[%emt 0:06:54]} 23. c4 {[%emt 0:01:44]} Nb4 {[%emt 0:00:22]} 24. Qf3 {[%emt 0:00:15]} Rac8 {[%emt 0:01:40]} 25. a5 {[%emt 0:02:21]} b5 {[%emt 0:02:30]} 26. b3 {[%emt 0:01:17]} Kg7 {[%emt 0:02:17]} 27. Qc3 {[%emt 0:03:28]} bxc4 {[%emt 0:03:20]} 28. bxc4 {[%emt 0:00:47]} c5 {[%emt 0:01:57]} 29. Bxb7 Qxb7 30. dxc5 {[%emt 0:00:41]} Nc6 {[%emt 0:06:21]} 31. Qf3 {[%emt 0:07:09]} Nxa5 {[%emt 0:02:16]} 32. Rxd8 {[%emt 0:05:30]} Rxd8 {[%emt 0:02:35]} 33. c6 {[%emt 0:00:08]} Qb3 {[%emt 0:03:37]} 34. c7 {[%emt 0:02:42]} Rc8 {[%emt 0:00:17]} 35. Nd7 {[%emt 0:01:35]} Qxf3 {[%emt 0:01:01]} 36. gxf3 {[%emt 0:00:01]} e5 {[%emt 0:01:57]} 37. Rxe5 {[%emt 0:01:04]} Bxe5 {[%emt 0:02:14]} 38. Bxe5+ {[%emt 0:00:02]} f6 {[%emt 0:00:01]} 39. Nb6 {[%emt 0:00:29]} fxe5 {[%emt 0:00:48]} 40. Nxc8 {[%emt 0:00:00]} Nxc4 {[%emt 0:00:00]} 41. Kf1 {[%emt 0:14:09]} Kf6 {[%emt 0:04:35]} 42. Ke2 {[%emt 0:02:13]} Ke6 {[%emt 0:00:16]} 43. Kd3 {[%emt 0:03:22]} 1/2-1/2

[Event "17th Aeroflot Open-A 2019"]
[Site "Moscow"]
[Date "2019.02.27"]
[Round "9.13"]
[White "Fedoseev, Vladimir"]
[Black "Nihal Sarin"]
[Result "1/2-1/2"]
[WhiteElo "2715"]
[BlackElo "2578"]
[Annotator "RC"]
[PlyCount "37"]
[EventDate "2019.02.19"]
[EventCountry "RUS"]
[SourceTitle "playchess.com"]
[Source "ChessBase"]
[SourceQuality "1"]
[TimeControl "40/5400+30:1800+30"]

1. d4 {[%emt 0:10:32]} Nf6 {[%emt 0:00:01]} 2. Bg5 {[%emt 0:00:06]} d5 {[%emt 0:00:47]} 3. e3 {[%emt 0:01:14]} c5 {[%emt 0:00:38]} 4. c3 {[%emt 0:00:22]} Nc6 {[%emt 0:00:04]} 5. Nd2 {[%emt 0:00:24]} cxd4 {[%emt 0:00:20]} 6. exd4 {[%emt 0:00:08]} h6 {[%emt 0:00:04]} 7. Bxf6 {[%emt 0:00:25]} gxf6 {[%emt 0:00:07]} 8. Bb5 {[%emt 0:00:05]} Qb6 {[%emt 0:00:13]} 9. Qb3 {[%emt 0:00:07]} a6 {[%emt 0:02:09]} 10. Ba4 {[%emt 0:00:33]} Qxb3 {[%emt 0:04:58]} 11. axb3 {[%emt 0:00:13]} Bd7 {[%emt 0:00:57]} 12. Ngf3 {[%emt 0:00:37]} e6 {[%emt 0:00:47]} 13. b4 {[%emt 0:00:54]} Bd6 {[%emt 0:02:50]} 14. O-O {[%emt 0:00:13]} Ke7 {[%emt 0:11:03]} 15. Rfe1 {[%emt 0:06:03]} Rhc8 {[%emt 0:05:00]} 16. Ra2 {[%emt 0:03:10]} Ra7 {[%emt 0:02:39]} 17. Nf1 {[%emt 0:09:05]} b5 {[%emt 0:07:47]} 18. Bb3 {[%emt 0:01:42]} Kf8 {[%emt 0:01:04]} 19. Rea1 {[%emt 0:14:25]} 1/2-1/2

[Event "17th Aeroflot Open-A 2019"]
[Site "Moscow"]
[Date "2019.02.27"]
[Round "9.14"]
[White "Aleksandrov, Aleksej"]
[Black "Dubov, Daniil"]
[Result "1/2-1/2"]
[WhiteElo "2574"]
[BlackElo "2703"]
[Annotator "ChessBase"]
[PlyCount "126"]
[EventDate "2019.02.19"]
[EventCountry "RUS"]
[SourceTitle "playchess.com"]
[Source "ChessBase"]
[SourceQuality "1"]
[TimeControl "40/5400+30:1800+30"]

1. d4 {[%emt 0:00:00]} Nf6 {[%emt 0:00:00]} 2. c4 {[%emt 0:00:00]} e6 {[%emt 0:00:00]} 3. Nc3 {[%emt 0:00:14]} Bb4 {[%emt 0:00:00]} 4. e3 {[%emt 0:02:54]} O-O {[%emt 0:00:00]} 5. Bd3 {[%emt 0:00:43]} Re8 {[%emt 0:00:29]} 6. Nge2 {[%emt 0:04:19]} d5 {[%emt 0:00:53]} 7. O-O {[%emt 0:06:12]} Nbd7 {[%emt 0:00:14]} 8. a3 {[%emt 0:00:37]} Bf8 {[%emt 0:00:02]} 9. b4 {[%emt 0:01:54]} a5 {[%emt 0:00:38]} 10. b5 {[%emt 0:07:47]} dxc4 {[%emt 0:00:02]} 11. Bxc4 {[%emt 0:00:05]} c5 {[%emt 0:00:05]} 12. bxc6 {[%emt 0:04:58]} bxc6 {[%emt 0:00:02]} 13. e4 {[%emt 0:04:25]} c5 {[%emt 0:03:15]} 14. e5 {[%emt 0:17:59]} Ng4 {[%emt 0:00:09]} 15. Bf4 {[%emt 0:00:22]} cxd4 {[%emt 0:06:28]} 16. Qxd4 {[%emt 0:00:37]} Bc5 {[%emt 0:00:49]} 17. Qe4 {[%emt 0:02:04]} Rb8 {[%emt 0:00:30]} 18. Bb5 {[%emt 0:04:56]} Bb7 {[%emt 0:23:27]} 19. Qa4 {[%emt 0:02:06]} Nb6 {[%emt 0:07:18]} 20. Qc2 {[%emt 0:03:02]} Rf8 {[%emt 0:03:09]} 21. Bd3 {[%emt 0:21:04]} Nd5 {[%emt 0:03:55]} 22. Rad1 {[%emt 0:06:57]} Nxf2 {[%emt 0:09:38]} 23. Rxf2 {[%emt 0:00:04]} Bxf2+ {[%emt 0:00:06]} 24. Kxf2 {[%emt 0:00:02]} Qb6+ {[%emt 0:00:07]} 25. Kf1 {[%emt 0:00:04]} f6 {[%emt 0:00:58]} 26. Nxd5 {[%emt 0:03:15]} Bxd5 {[%emt 0:00:02]} 27. Bxh7+ {[%emt 0:00:05]} Kh8 {[%emt 0:00:04]} 28. Qg6 {[%emt 0:00:51]} Be4 {[%emt 0:10:42]} 29. Qxe4 {[%emt 0:00:07]} f5 {[%emt 0:00:01]} 30. Qe3 {[%emt 0:02:50]} Qxe3 {[%emt 0:00:10]} 31. Bxe3 {[%emt 0:00:04]} Kxh7 {[%emt 0:00:04]} 32. Nf4 {[%emt 0:00:47]} Rb3 {[%emt 0:02:12]} 33. Bc5 {[%emt 0:02:19]} Re8 {[%emt 0:00:16]} 34. h4 {[%emt 0:00:32]} Rc3 {[%emt 0:00:20]} 35. Bd6 {[%emt 0:00:07]} Kh6 {[%emt 0:00:23]} 36. Kf2 {[%emt 0:00:39]} g5 {[%emt 0:00:35]} 37. hxg5+ {[%emt 0:00:10]} Kxg5 {[%emt 0:00:02]} 38. Rd4 {[%emt 0:00:27]} Rb3 {[%emt 0:02:01]} 39. Ra4 {[%emt 0:00:41]} Rb5 {[%emt 0:02:05]} 40. Ke3 {[%emt 0:00:00]} Rb3+ {[%emt 0:00:00]} 41. Kd2 {[%emt 0:02:47]} Rg3 {[%emt 0:00:33]} 42. Ke2 {[%emt 0:00:13]} Rb3 {[%emt 0:09:12]} 43. Nh3+ {[%emt 0:04:15]} Kh5 {[%emt 0:00:58]} 44. Kf2 {[%emt 0:04:50]} Rb5 {[%emt 0:08:07]} 45. Kg1 {[%emt 0:06:15]} Rc8 {[%emt 0:04:49]} 46. Nf4+ {[%emt 0:00:38]} Kg4 {[%emt 0:00:28]} 47. Rd4 {[%emt 0:09:26]} Rb1+ {[%emt 0:01:57]} 48. Kh2 {[%emt 0:00:09]} Rh8+ {[%emt 0:00:15]} 49. Nh3+ {[%emt 0:00:03]} Kh5 {[%emt 0:00:05]} 50. Be7 {[%emt 0:00:27]} Kg6 {[%emt 0:01:56]} 51. Bh4 {[%emt 0:03:51]} Rb7 {[%emt 0:00:33]} 52. Bf6 {[%emt 0:00:46]} Rhh7 {[%emt 0:00:32]} 53. Rd3 {[%emt 0:00:10]} Rbc7 {[%emt 0:03:30]} 54. Kg3 {[%emt 0:01:17]} Rhd7 {[%emt 0:00:22]} 55. Rf3 {[%emt 0:00:11]} Rd4 {[%emt 0:01:19]} 56. Nf4+ {[%emt 0:00:10]} Kf7 {[%emt 0:00:02]} 57. Kh2 {[%emt 0:00:08]} Rc2 {[%emt 0:01:05]} 58. Bg5 {[%emt 0:01:10]} Rcc4 {[%emt 0:01:12]} 59. Rf2 {[%emt 0:01:59]} Re4 {[%emt 0:02:42]} 60. g4 {[%emt 0:00:21]} Rxe5 {[%emt 0:02:05]} 61. Rd2 {[%emt 0:00:07]} fxg4 {[%emt 0:11:45]} 62. Rd7+ {[%emt 0:00:04]} Ke8 {[%emt 0:00:18]} 63. Rd8+ {[%emt 0:00:13]} Kf7 1/2-1/2

[Event "17th Aeroflot Open-A 2019"]
[Site "Moscow"]
[Date "2019.02.27"]
[Round "9.15"]
[White "Kovalev, Vladislav"]
[Black "Antipov, Mikhail Al."]
[Result "1/2-1/2"]
[WhiteElo "2703"]
[BlackElo "2589"]
[Annotator "ChessBase"]
[PlyCount "102"]
[EventDate "2019.02.19"]
[EventCountry "RUS"]
[SourceTitle "playchess.com"]
[Source "ChessBase"]
[SourceQuality "1"]
[TimeControl "40/5400+30:1800+30"]

1. e4 {[%emt 0:00:00]} e6 {[%emt 0:03:22]} 2. d4 {[%emt 0:00:00]} d5 {[%emt 0:00:08]} 3. Nd2 {[%emt 0:00:35]} Be7 {[%emt 0:00:12]} 4. e5 {[%emt 0:02:34]} c5 {[%emt 0:00:13]} 5. c3 {[%emt 0:00:08]} cxd4 {[%emt 0:00:10]} 6. cxd4 {[%emt 0:00:04]} Qb6 {[%emt 0:00:06]} 7. Ndf3 {[%emt 0:06:04]} Bb4+ {[%emt 0:00:10]} 8. Bd2 {[%emt 0:00:04]} Nc6 {[%emt 0:00:09]} 9. Bc3 {[%emt 0:11:34]} Bd7 {[%emt 0:07:39]} 10. Qd2 {[%emt 0:00:14]} f6 {[%emt 0:06:58]} 11. Bd3 {[%emt 0:04:57]} Bxc3 {[%emt 0:19:00]} 12. bxc3 {[%emt 0:00:16]} Qc7 {[%emt 0:00:06]} 13. exf6 {[%emt 0:05:18]} gxf6 {[%emt 0:01:06]} 14. c4 {[%emt 0:11:48]} dxc4 {[%emt 0:05:48]} 15. Bxc4 {[%emt 0:00:08]} Qa5 {[%emt 0:00:25]} 16. Ne2 {[%emt 0:01:06]} Qxd2+ {[%emt 0:01:27]} 17. Nxd2 {[%emt 0:00:52]} Na5 {[%emt 0:09:12]} 18. Bd3 {[%emt 0:00:25]} Ne7 {[%emt 0:07:30]} 19. Nf4 {[%emt 0:04:37]} Nec6 {[%emt 0:09:24]} 20. Nf3 {[%emt 0:11:31]} Kf7 {[%emt 0:06:10]} 21. Rb1 {[%emt 0:04:11]} e5 {[%emt 0:17:52]} 22. dxe5 {[%emt 0:00:48]} Nxe5 {[%emt 0:00:04]} 23. Nxe5+ {[%emt 0:00:56]} fxe5 {[%emt 0:00:04]} 24. Nd5 {[%emt 0:05:05]} Rad8 {[%emt 0:00:38]} 25. Ne3 {[%emt 0:00:43]} Be6 {[%emt 0:00:55]} 26. Ke2 {[%emt 0:01:31]} b6 {[%emt 0:00:17]} 27. Rhc1 {[%emt 0:03:42]} Rc8 {[%emt 0:00:12]} 28. Ba6 {[%emt 0:03:35]} Rxc1 {[%emt 0:00:06]} 29. Rxc1 {[%emt 0:00:02]} Rd8 {[%emt 0:00:31]} 30. Rc2 {[%emt 0:01:21]} h6 {[%emt 0:03:15]} 31. Kf3 {[%emt 0:03:58]} h5 {[%emt 0:01:42]} 32. Kg3 {[%emt 0:01:04]} Kf6 {[%emt 0:00:33]} 33. Be2 {[%emt 0:05:13]} Nb7 {[%emt 0:00:26]} 34. Bxh5 {[%emt 0:01:11]} Nc5 {[%emt 0:00:13]} 35. h4 {[%emt 0:05:08]} Rd3 {[%emt 0:00:52]} 36. Bg4 {[%emt 0:03:29]} Bf7 {[%emt 0:00:19]} 37. Bf3 {[%emt 0:00:35]} Ra3 {[%emt 0:00:35]} 38. Ng4+ {[%emt 0:00:23]} Ke6 {[%emt 0:00:35]} 39. Re2 {[%emt 0:00:33]} e4 {[%emt 0:00:19]} 40. Kf4 {[%emt 0:00:00]} Kd6 {[%emt 0:00:00]} 41. Rd2+ {[%emt 0:25:48]} Ke7 {[%emt 0:23:00]} 42. Bxe4 {[%emt 0:00:05]} Rxa2 {[%emt 0:02:52]} 43. Rxa2 {[%emt 0:00:51]} Bxa2 {[%emt 0:00:03]} 44. Bf5 {[%emt 0:02:40]} a5 {[%emt 0:00:08]} 45. h5 {[%emt 0:00:58]} a4 {[%emt 0:00:30]} 46. h6 {[%emt 0:01:42]} Kf8 {[%emt 0:00:05]} 47. Ne5 {[%emt 0:04:21]} a3 {[%emt 0:01:13]} 48. Ke3 {[%emt 0:01:11]} Bb3 {[%emt 0:01:36]} 49. Bb1 {[%emt 0:00:06]} a2 {[%emt 0:00:18]} 50. Bxa2 {[%emt 0:00:02]} Bxa2 {[%emt 0:00:18]} 51. g4 {[%emt 0:00:20]} Kg8 {[%emt 0:01:56]} 1/2-1/2

[Event "17th Aeroflot Open-A 2019"]
[Site "Moscow"]
[Date "2019.02.27"]
[Round "9.16"]
[White "Yakubboev, Nodirbek"]
[Black "Kobalia, Mikhail"]
[Result "1-0"]
[WhiteElo "2569"]
[BlackElo "2627"]
[Annotator "TA"]
[PlyCount "93"]
[EventDate "2019.02.19"]
[EventCountry "RUS"]
[SourceTitle "playchess.com"]
[Source "ChessBase"]
[SourceQuality "1"]

{[%evp 11,93,28,42,29,50,29,41,41,46,43,46,32,64,54,60,58,72,56,60,68,66,47,114,111,128,125,125,125,127,110,108,112,190,142,221,234,226,229,227,243,227,229,225,221,308,191,212,81,275,270,272,205,335,310,286,238,226,231,215,176,397,393,451,446,435,427,502,545,551,554,554,514,546,547,537,539,547,545,543,543,479,478,469,456]} 1. d4 d5 2. c4 c6 3. Nf3 Nf6 4. e3 a6 5. Nbd2 Bf5 6. Nh4 {D11: Slav Defence: 3 Nf3 sidelines and 3...Nf6 4 e3 Bg4} Be6 {LiveBook: 5 Games} 7. b3 g6 8. Bd3 {White is slightly better.} Bg7 9. Bb2 O-O 10. O-O Nbd7 11. a4 $146 ({Predecessor:} 11. f4 Ng4 12. Qe2 f5 13. Ndf3 Ndf6 {½-½ (40) Moroni,L (2564)-Kobalia,M (2620) Stockholm 2019}) 11... Ne8 {[%cal Bf6e8,Be8d6,Bd6e4][%mdl 32]} 12. Qc2 f5 13. Nhf3 Kh8 14. b4 Nd6 15. c5 Ne4 16. Ne5 Bxe5 (16... Nxe5 $14 17. dxe5 Qc7) 17. dxe5 $16 a5 18. Nb3 $1 axb4 19. f3 Nc3 20. Bxc3 bxc3 21. Qxc3 b6 (21... Bg8 $16) 22. a5 bxa5 (22... bxc5 $16 23. Nxc5 Nxc5 24. Qxc5 Qc7) 23. Nd4 $18 (23. Rxa5 Rxa5 24. Nxa5 Qc7 $14) (23. Nxa5 $6 Qc7 $16) 23... Bg8 24. Nxc6 Qc7 {[#]} 25. e6+ $1 ({Less strong is} 25. Nxe7 Qxc5 26. Qxc5 Nxc5 $14) 25... Nf6 26. Nd4 ({Resist} 26. Nxa5 $6 Rfc8 $16) 26... Rfc8 27. Rfc1 a4 28. f4 Qa5 29. c6 (29. Qa3 $18 {is more deadly.}) 29... Ne8 $2 {[#]} (29... Qxc3 $16 30. Rxc3 Ne8) 30. Qa3 $1 Ng7 31. Rc5 Qd2 (31... Qd8 {was worth a try.} 32. Qc1 Nxe6) 32. Bf1 Rab8 33. Rc2 ({Don't play} 33. Rxd5 Qb2 $18) 33... Qb4 34. Ba6 Rc7 35. Qxa4 Qb6 $2 (35... Qxa4 {was called for.} 36. Rxa4 Rb6) 36. Rc3 Ra8 37. Qb5 {White is clearly winning.} Qxb5 38. Nxb5 Nxe6 39. Nxc7 Nxc7 40. Rca3 Kg7 41. Bd3 Rc8 42. Ra7 d4 43. exd4 Bd5 44. Ba6 Nxa6 45. R1xa6 Kf7 46. c7 Ke8 47. Ra5 {Precision: White = 68%, Black = 39%.} 1-0